000 00265nam a22000977a 4500
008 230726b |||||||| |||| 00| 0 eng d
082 _a333.95
245 _aTrainer Manual: Curriculum 5;
_bSchool-based prevention interventions
300 _a619 p.
_c28 cm
942 _2ddc
999 _c9617
_d9618